Átadták a Napfényfürdőt - Az egyik legnagyobb hazai turisztikai beruházás [Kép]
Elmentve itt :
| Szerző: | |
|---|---|
| Dokumentumtípus: | Cikk |
| Megjelent: |
2010-03-26
|
| Sorozat: | Délmagyarország
100 No. 71 |
| Kulcsszavak: | Szeged, Fürdő Szeged-Ligetfürdő, Élményfürdő Szeged-Ligetfürdő építkezés, Hunguest Hotels, Napfényfürdő |
| Online Access: | http://dmarchiv.bibl.u-szeged.hu/142699 |
| LEADER | 00609nab a2200157 i 4500 | ||
|---|---|---|---|
| 001 | delm142699 | ||
| 005 | 20200212130403.0 | ||
| 008 | 200212s2010 hu o 0|| hun d | ||
| 040 | |a SZTE Délmagyarország Archívum |b hun | ||
| 041 | |a hun | ||
| 100 | 1 | |a Karnok Csaba | |
| 245 | 1 | 0 | |a Átadták a Napfényfürdőt - Az egyik legnagyobb hazai turisztikai beruházás [Kép] |h [elektronikus dokumentum] / |c Karnok Csaba |
| 260 | |c 2010-03-26 | ||
| 300 | |a 1 | ||
| 490 | 0 | |a Délmagyarország |v 100 No. 71 | |
| 695 | |a Szeged, Fürdő Szeged-Ligetfürdő, Élményfürdő Szeged-Ligetfürdő építkezés, Hunguest Hotels, Napfényfürdő | ||